Averiguación sobre los bienes de Doña Ana Ramona que pelea contra don Ambrosio de Cazor su esposo

Detalles Bibliográficos
Otros Autores: Ana Ramona, Ambrosio de Cazor
Formato: Libro
Publicado: s.l., s.f.
Materias:
Colección:Banco de datos
Acervo:Biblioteca Palafoxiana. Colección de Manuscritos
Descripción Física:2 f. ; 32 x 21 cm.
Tema general:Eclesiástica
LEADER 00466nam a22001570004500
035 |a 1160 
245 1 0 |a Averiguación sobre los bienes de Doña Ana Ramona que pelea contra don Ambrosio de Cazor su esposo 
260 |a s.l., s.f. 
300 |a 2 f. ; 32 x 21 cm. 
650 1 0 |a Eclesiástica 
700 1 |a Ana Ramona 
700 1 |a Ambrosio de Cazor 
949 |a 19948/071 
942 |c PALAMANU 
943 |g Biblioteca Palafoxiana. Colección de Manuscritos 
999 |c 1069105  |d 1069105